<?xml version="1.0" encoding="UTF-8"?>
<collection xmlns:xsi="http://www.w3.org/2001/XMLSchema-instance" xsi:schemaLocation="http://www.loc.gov/MARC21/slim http://www.loc.gov/standards/marcxml/schema/MARC21slim.xsd" xmlns="http://www.loc.gov/MARC21/slim">
 <record>
  <leader>00000ctm a22000004a 4500</leader>
  <controlfield tag="001">UP-99796217611761714</controlfield>
  <controlfield tag="003">Buklod</controlfield>
  <controlfield tag="005">20150911115450.0</controlfield>
  <controlfield tag="006">m    |o  d |      </controlfield>
  <controlfield tag="007">ta</controlfield>
  <controlfield tag="008">150911s2015    xx     d     r    |||| u|</controlfield>
  <datafield tag="035" ind1=" " ind2=" ">
   <subfield code="a">(iLib)UPD-00249806248</subfield>
  </datafield>
  <datafield tag="040" ind1=" " ind2=" ">
   <subfield code="a">DENG</subfield>
   <subfield code="e">rda</subfield>
  </datafield>
  <datafield tag="041" ind1=" " ind2=" ">
   <subfield code="a">eng</subfield>
  </datafield>
  <datafield tag="042" ind1=" " ind2=" ">
   <subfield code="a">DMLUC</subfield>
  </datafield>
  <datafield tag="090" ind1=" " ind2=" ">
   <subfield code="a">LG 995 2015 E653</subfield>
   <subfield code="b">A38</subfield>
  </datafield>
  <datafield tag="100" ind1="1" ind2=" ">
   <subfield code="a">Aguila, Diosa Marie M.</subfield>
   <subfield code="e">author.</subfield>
  </datafield>
  <datafield tag="245" ind1="1" ind2="0">
   <subfield code="a">Investigating the formation of acid mine drainage of toledo pyrite concentrate using column cells</subfield>
   <subfield code="c">by Diosa Marie M. Aguila ; Herman D. Mendoza, adviser.</subfield>
  </datafield>
  <datafield tag="264" ind1=" " ind2="1">
   <subfield code="a">Quezon City</subfield>
   <subfield code="b">College of Engineering, University of the Philippines Diliman</subfield>
   <subfield code="c">2015.</subfield>
  </datafield>
  <datafield tag="300" ind1=" " ind2=" ">
   <subfield code="a">x, 68 leaves</subfield>
   <subfield code="b">illustrations (some color)</subfield>
   <subfield code="c">28 cm</subfield>
  </datafield>
  <datafield tag="336" ind1=" " ind2=" ">
   <subfield code="a">text</subfield>
   <subfield code="2">rdacontent</subfield>
  </datafield>
  <datafield tag="337" ind1=" " ind2=" ">
   <subfield code="a">unmediated</subfield>
   <subfield code="2">rdamedia</subfield>
  </datafield>
  <datafield tag="338" ind1=" " ind2=" ">
   <subfield code="a">volume</subfield>
   <subfield code="2">rdacarrier</subfield>
  </datafield>
  <datafield tag="502" ind1=" " ind2=" ">
   <subfield code="a">Thesis (M.S. in Environmental Engineering)--University of the Philippines Diliman</subfield>
   <subfield code="d">January 2015.</subfield>
  </datafield>
  <datafield tag="506" ind1=" " ind2=" ">
   <subfield code="a">Available to the general public.</subfield>
  </datafield>
  <datafield tag="520" ind1="3" ind2=" ">
   <subfield code="a">Acid mine drainage (AMD) is an inevitable problem in the mining industry, from its beginning until the end of mine operations. The main culprit is the presence of sulfides, especially pyrite, which is associated with many valuable minerals including copper. AMD is known for having high metal load, excessive acidity and precipitates, which have adverse effects in the environment. Studying AMD formation is important because it will pave way in developing methods to control the composition of mine waters and planning the rehabilitation method for a mine area. The objective of this study is to investigate the formation of AMD of Toledo pyrite using two-stage column cell experiments. The first stage, where mechanisms of AMD formation and the effects of particle size, amount of pyrite and volume of leachate on pH drop of solution were studied, was done using twelve column cells. The second stage was done using a larger column cell for validation and to study the role of ferrous to ferric ratio in change of solution pH. The results of the first experiment revealed that aside from time, particle size has the most significant effect in pH, which resulted to decrease in pH from starting pH of 5.6 to 30th day pH of 2.8 It was also observed that the sudden drop of pH during the starting hours was due to the following: a) cracks formed from the beneficiation, which increased the surface area of the pyrite available for reaction; and, b) the formation of Fe(OH)3 precipitates which increased the formation of hydrogen ions. Moreover, the ladderized behavior of pH drop thereafter was due to the buffering effect of the redissolution of ferric hydroxides and it subsequent precipitation onto the pyrite surface that lowered the surface area available for oxidation. The results of the second experiment validated the ladderized behavior of pH. It was also observed that particle size distribution and pyrite surface were affected by the change in pH. Scanning electron microscopy was used to study the surface of pyrite, and precipitates were seen to be more abundant in the surtace of pyrite taken from pH 2.4 solution than in pH 3.1 solution, validating the assumptions made in the first experiment. On the other hand, based on the per cent passing graph done to investigate the effect of particle size distribution, results showed that as solution pH decrease, particle size consequently decreased. Moreover, ferrous to ferric ratio of the solution generally decreased as AMD was continuously generated.</subfield>
  </datafield>
  <datafield tag="650" ind1=" " ind2="0">
   <subfield code="a">Acid mine drainage.</subfield>
  </datafield>
  <datafield tag="650" ind1=" " ind2="0">
   <subfield code="a">Pyrites.</subfield>
  </datafield>
  <datafield tag="700" ind1="1" ind2=" ">
   <subfield code="a">Mendoza, Herman D.</subfield>
   <subfield code="e">adviser.</subfield>
  </datafield>
  <datafield tag="905" ind1=" " ind2=" ">
   <subfield code="a">FI</subfield>
  </datafield>
  <datafield tag="905" ind1=" " ind2=" ">
   <subfield code="a">UP</subfield>
  </datafield>
  <datafield tag="852" ind1="0" ind2=" ">
   <subfield code="a">UPD</subfield>
   <subfield code="b">DARCHIVES</subfield>
   <subfield code="h">LG 995 2015 E653</subfield>
   <subfield code="i">A38</subfield>
  </datafield>
  <datafield tag="852" ind1="0" ind2=" ">
   <subfield code="a">UPD</subfield>
   <subfield code="b">DENG-II</subfield>
   <subfield code="h">LG 995 2015 E653</subfield>
   <subfield code="i">A38</subfield>
  </datafield>
  <datafield tag="942" ind1=" " ind2=" ">
   <subfield code="a">Thesis</subfield>
  </datafield>
 </record>
</collection>
